LIBRARY & INFORMATION CENTRE, KCAET, TAVANUR

ONLINE PUBLIC ACCESS CATALOGUE (OPAC)

Soils: a new global view / (Record no. 10371)

MARC details
000 -LEADER
fixed length control field 00415cam a2200169ua 4500
003 - CONTROL NUMBER IDENTIFIER
control field OSt
008 - FIXED-LENGTH DATA ELEMENTS--GENERAL INFORMATION
fixed length control field 240223b |||||||| |||| 00| 0 eng d
041 ## - LANGUAGE CODE
Language code of text/sound track or separate title eng
082 ## - DEWEY DECIMAL CLASSIFICATION NUMBER
Classification number 631.4
Item number PAT/SO
100 ## - MAIN ENTRY--AUTHOR NAME
Personal name Paten, T.R .
245 ## - TITLE STATEMENT
Title Soils: a new global view /
260 ## - PUBLICATION, DISTRIBUTION, ETC. (IMPRINT)
Place of publication :
Name of publisher UCL Press ,
Year of publication 1995.
300 ## - PHYSICAL DESCRIPTION
Number of Pages 213 ; .
700 1# - ADDED ENTRY--PERSONAL NAME
Personal name Humphreys, G.S .
700 1# - ADDED ENTRY--PERSONAL NAME
Personal name Mitchell, .
942 ## - ADDED ENTRY ELEMENTS (KOHA)
Koha item type Books
Holdings
Withdrawn status Lost status Damaged status Home library Current library Date acquired Full call number Accession Number Koha item type
      KAUAET KAUAET 07/04/2012 631.4 PAT/SO 19789 Books
free website counter